[Event "WchT Blitz Final"]
[Site "London"]
[Date "2025.06.15"]
[Round "1.1"]
[White "Injac, Teodora"]
[Black "Zhu, Chen"]
[Result "1-0"]
[WhiteElo "2457"]
[BlackElo "2423"]
[PlyCount "64"]
[EventDate "2025.06.15"]
[EventType "team-k.o. (blitz)"]
[EventRounds "4"]
[EventCountry "ENG"]
[SourceTitle "CB25_2025"]
[SourceDate "2025.06.18"]
[SourceVersion "1"]
[SourceVersionDate "2025.06.18"]
[SourceQuality "1"]
[WhiteTeam "Freedom"]
[BlackTeam "FIDE MB Team"]
[WhiteTeamCountry "IND"]

1. Nf3 c5 2. c4 Nc6 3. Nc3 d6 4. g3 e5 5. Bg2 g6 6. 0-0 Bg7 7. Ne1 Nge7 8. Nc2 0-0 9. a3 Rb8 10. b4 Be6 11. Ne3 a6 12. bxc5 dxc5 13. Rb1 Na5 14. d3 Nec6 15. Ned5 b5 16. Be3 Nd4 17. Ne4 bxc4 18. Rxb8 Qxb8 19. Ng5 Bxd5 20. Bxd5 c3 21. Ne4 c2 22. Qa1 Nxe2+ 23. Kg2 Rd8 24. Qa2 Kh8 25. Nxc5 Qd6 26. Bb3 Nxb3 27. Qxb3 c1Q 28. Bxc1 Qxc5 29. Be3 Qc6+ 30. f3 Nd4 31. Qxf7 Nc2 32. Bf2 Qd5 1-0

[Event "WchT Blitz Final"]
[Site "London"]
[Date "2025.06.15"]
[Round "1.2"]
[White "Zhu, Chen"]
[Black "Injac, Teodora"]
[Result "1-0"]
[WhiteElo "2423"]
[BlackElo "2457"]
[PlyCount "71"]
[EventDate "2025.06.15"]
[EventType "team-k.o. (blitz)"]
[EventRounds "4"]
[EventCountry "ENG"]
[SourceTitle "CB25_2025"]
[SourceDate "2025.06.18"]
[SourceVersion "1"]
[SourceVersionDate "2025.06.18"]
[SourceQuality "1"]
[WhiteTeam "FIDE MB Team"]
[BlackTeam "Freedom"]
[BlackTeamCountry "IND"]

1. c4 e5 2. Nc3 Bb4 3. Qb3 a5 4. e3 Nc6 5. Nge2 Nf6 6. a3 Bxc3 7. Nxc3 d6 8. Be2 0-0 9. 0-0 Re8 10. d3 h5 11. Rb1 b6 12. Bf3 Bb7 13. Qd1 h4 14. b4 axb4 15. axb4 Qc8 16. h3 Ne7 17. Bxb7 Qxb7 18. e4 Ng6 19. Bg5 Nh7 20. Be3 Nhf8 21. f4 exf4 22. Bxf4 Ne6 23. Be3 Ra3 24. Nd5 b5 25. Bc1 Ra2 26. Bb2 c6 27. Nc3 Raa8 28. cxb5 cxb5 29. Nd5 Rac8 30. Qf3 Qa7+ 31. Kh2 Qb7 32. e5 Qc6 33. Rbc1 Qa8 34. exd6 Qb8 35. Kh1 Qxd6 36. Qxf7+ 1-0

[Event "WchT Blitz Pool A"]
[Site "London"]
[Date "2025.06.14"]
[Round "3.5"]
[White "Zhu, Chen"]
[Black "Hou, Yifan"]
[Result "1-0"]
[WhiteElo "2423"]
[BlackElo "2633"]
[PlyCount "155"]
[EventDate "2025.06.14"]
[EventType "team-tourn"]
[EventRounds "13"]
[EventCountry "ENG"]
[SourceTitle "CB25_2025"]
[SourceDate "2025.06.18"]
[SourceVersion "1"]
[SourceVersionDate "2025.06.18"]
[SourceQuality "1"]
[WhiteTeam "FIDE MB Team"]
[BlackTeam "WR Chess"]
[BlackTeamCountry "GER"]

1. d4 Nf6 2. c4 e6 3. Nf3 b6 4. g3 Bb4+ 5. Bd2 a5 6. Bg2 Bb7 7. Nc3 0-0 8. 0-0 Bxc3 9. Bxc3 d6 10. Nd2 Bxg2 11. Kxg2 Re8 12. e4 e5 13. Qc2 Qe7 14. Rae1 Nfd7 15. b3 Na6 16. a3 exd4 17. Bxd4 Nac5 18. h3 Ne5 19. Re3 h6 20. Bb2 Qf8 21. Rfe1 Re6 22. Qc3 Rae8 23. Ba1 Nc6 24. b4 axb4 25. axb4 Nd7 26. Bb2 Ra8 27. Ra1 Ree8 28. Ree1 Nde5 29. Rxa8 Rxa8 30. Ra1 Rxa1 31. Bxa1 f6 32. f4 Nd7 33. Bb2 Qa8 34. Qb3 Kh8 35. Kf2 Nd8 36. Qa3 Qc6 37. Qd3 Qa8 38. Qa3 Qc6 39. Qd3 Kg8 40. Qd5+ Qxd5 41. cxd5 Kf7 42. Ke3 h5 43. Kd3 g5 44. Bd4 gxf4 45. gxf4 f5 46. Nf3 fxe4+ 47. Kxe4 Nf6+ 48. Bxf6 Kxf6 49. Nd4 Nf7 50. Nb5 Nh6 51. Nxc7 Nf5 52. Nb5 Ng3+ 53. Kf3 Nf5 54. Nc3 Nd4+ 55. Ke4 Nc2 56. b5 Na3 57. h4 Kg6 58. f5+ Kf6 59. Kf4 Nc2 60. Ne4+ Ke7 61. f6+ Kf7 62. Kg5 Ne3 63. Nxd6+ Kf8 64. Kxh5 Nxd5 65. Kg6 Nf4+ 66. Kf5 Nd5 67. Nc4 Nc3 68. Nxb6 Nxb5 69. Kg6 Nd6 70. h5 Nf7 71. h6 Nh8+ 72. Kh7 Nf7 73. Nd7+ Ke8 74. Nc5 Kf8 75. Ne6+ Ke8 76. Kg6 Nxh6 77. Kxh6 Kf7 78. Kg5 1-0

[Event "WchT Blitz Pool A"]
[Site "London"]
[Date "2025.06.14"]
[Round "9.5"]
[White "Zhu, Chen"]
[Black "Jalving, August"]
[Result "1-0"]
[WhiteElo "2423"]
[BlackElo "2306"]
[PlyCount "73"]
[EventDate "2025.06.14"]
[EventType "team-tourn"]
[EventRounds "13"]
[EventCountry "ENG"]
[SourceTitle "CB25_2025"]
[SourceDate "2025.06.18"]
[SourceVersion "1"]
[SourceVersionDate "2025.06.18"]
[SourceQuality "1"]
[WhiteTeam "FIDE MB Team"]
[BlackTeam "Allez-Y Initiative!"]
[BlackTeamCountry "DEN"]

1. d4 Nf6 2. c4 e6 3. Nf3 d5 4. Nc3 c5 5. cxd5 Nxd5 6. e4 Nxc3 7. bxc3 cxd4 8. cxd4 Bb4+ 9. Bd2 Bxd2+ 10. Qxd2 Nd7 11. Bd3 Nf6 12. 0-0 0-0 13. Qf4 h6 14. h4 b6 15. e5 Nd5 16. Qe4 Re8 17. Qh7+ Kf8 18. Qh8+ Ke7 19. Qxg7 Rh8 20. Bg6 Qg8 21. Qxg8 Rxg8 22. Be4 Bb7 23. Nd2 Rg4 24. g3 Rag8 25. Kh2 Kd7 26. Rfc1 Ba6 27. a3 Be2 28. Re1 Ba6 29. Rac1 Rf8 30. Kh3 Rgg8 31. Bxd5 exd5 32. Re3 Kd8 33. Kh2 Rg4 34. f4 Rfg8 35. Rec3 Ke7 36. Rc7+ Ke6 37. R1c6+ 1-0

[Event "WchT Blitz Pool A"]
[Site "London"]
[Date "2025.06.14"]
[Round "1.5"]
[White "Zhu, Chen"]
[Black "Ulziikhishig, Khishigbat"]
[Result "1/2-1/2"]
[WhiteElo "2423"]
[BlackElo "2266"]
[PlyCount "249"]
[EventDate "2025.06.14"]
[EventType "team-tourn"]
[EventRounds "13"]
[EventCountry "ENG"]
[SourceTitle "CB25_2025"]
[SourceDate "2025.06.18"]
[SourceVersion "1"]
[SourceVersionDate "2025.06.18"]
[SourceQuality "1"]
[WhiteTeam "FIDE MB Team"]
[BlackTeam "The MongolZ"]
[BlackTeamCountry "MGL"]

1. d4 Nf6 2. c4 e6 3. Nf3 d5 4. Nc3 c6 5. e3 Bd6 6. b3 0-0 7. Bb2 Nbd7 8. Be2 Ne4 9. Nxe4 dxe4 10. Nd2 f5 11. 0-0 Qh4 12. g3 Qh6 13. c5 Bc7 14. Nc4 Nf6 15. Nd6 Rd8 16. Ba3 Nd5 17. Rc1 Rb8 18. Qd2 Bd7 19. f4 exf3 20. Rxf3 Be8 21. Nxe8 Rxe8 22. Bc4 g6 23. Re1 Nf6 24. Bc1 Ne4 25. Qg2 Rbd8 26. Bd3 Ng5 27. Rff1 Qh3 28. Qxh3 Nxh3+ 29. Kg2 Ng5 30. h4 Nf7 31. Bb2 e5 32. e4 exd4 33. exf5 Ne5 34. Be4 Ng4 35. fxg6 hxg6 36. Kh3 Ne5 37. Rd1 Nc4 38. bxc4 Rxe4 39. Rf6 Kg7 40. Rf3 Be5 41. Rdf1 Rd7 42. Rd3 Bf6 43. g4 Re2 44. g5 Be5 45. Ba1 Rh2+ 46. Kg4 Rxa2 47. Re1 Bc7 48. Rxd4 Rg2+ 49. Kf3 Rg3+ 50. Kf2 Rxd4 51. Bxd4+ Kf8 52. Rb1 Rg4 53. Be3 Rxh4 54. Rxb7 Be5 55. Rxa7 Rxc4 56. Ra8+ Kf7 57. Ra6 Rc2+ 58. Kf3 Ke6 59. Rxc6+ Kf5 60. Ra6 Rc3 61. Ke2 Ke4 62. Ra4+ Kd5 63. Ra6 Ke4 64. Ra4+ Kf5 65. Kd2 Rb3 66. c6 Ke6 67. Ra6 Bc7 68. Ra2 Rb4 69. Kd3 Rg4 70. Rc2 Kd5 71. Rc5+ Kd6 72. Rc2 Ke6 73. Rc1 Rg3 74. Ke4 Rg4+ 75. Kf3 Ra4 76. Rc2 Ra3 77. Ke4 Ra4+ 78. Kd3 Ra5 79. Rc4 Ra3+ 80. Ke2 Kd5 81. Rc1 Ra4 82. Kf3 Ra3 83. Ke2 Ke4 84. Rc4+ Kd5 85. Rc2 Ra6 86. Kf3 Ke6 87. Rc1 Ra3 88. Rf1 Bb6 89. Re1 Kf5 90. Kf2 Bc7 91. Rd1 Ke4 92. Rd4+ Ke5 93. Rd7 Bd6 94. Rg7 Ra2+ 95. Kf3 Ra3 96. Ke2 Rc3 97. Rxg6 Rxc6 98. Rg8 Kf5 99. Kf3 Rc3 100. Ke2 Be5 101. Ra8 Rb3 102. Ra5 Rb4 103. Kf3 Rh4 104. Ke2 Rb4 105. Rc5 Ke4 106. Rc2 Ra4 107. Bd2 Bd4 108. Rc8 Ra6 109. Re8+ Kf5 110. Kd3 Be5 111. Rf8+ Kg6 112. Ke4 Bg7 113. Rd8 Re6+ 114. Kf3 Ra6 115. Bf4 Ra5 116. Kg4 Ra4 117. Rd6+ Kf7 118. Rb6 Be5 119. Rb7+ Ke8 120. Kf5 Bxf4 121. g6 Bh6 122. g7 Rf4+ 123. Kg6 Bxg7 124. Kxg7 Rf5 125. Kg6 1/2-1/2

[Event "WchT Rapid"]
[Site "London"]
[Date "2025.06.13"]
[Round "9.5"]
[White "Zhu, Chen"]
[Black "Zatonskih, Anna"]
[Result "1-0"]
[WhiteElo "2312"]
[BlackElo "2255"]
[PlyCount "71"]
[EventDate "2025.06.11"]
[EventType "team-swiss"]
[EventRounds "12"]
[EventCountry "ENG"]
[SourceTitle "CB25_2025"]
[SourceDate "2025.06.18"]
[SourceVersion "1"]
[SourceVersionDate "2025.06.18"]
[SourceQuality "1"]
[WhiteTeam "FIDE MB Team"]
[BlackTeam "Global Ramblers"]
[BlackTeamCountry "UKR"]

1. e4 e6 2. d4 d5 3. Nd2 c5 4. exd5 Qxd5 5. Ngf3 cxd4 6. Bc4 Qd6 7. 0-0 Nf6 8. Nb3 Nc6 9. Nbxd4 Nxd4 10. Qxd4 Qxd4 11. Nxd4 Bd7 12. a4 Rc8 13. Bd3 Be7 14. Re1 0-0 15. h3 Rfd8 16. Nf3 Be8 17. Be3 Nd5 18. Bxa7 Nb4 19. Bb6 Nxd3 20. cxd3 Rxd3 21. a5 Bf6 22. Rac1 Rxc1 23. Rxc1 Kf8 24. Rc8 Be7 25. Ne5 Rd1+ 26. Kh2 Bd6 27. f4 f6 28. Nd7+ Ke7 29. Nc5 Bc6 30. Rxc6 bxc6 31. a6 Ra1 32. a7 Bxf4+ 33. g3 Bd6 34. Kg2 Bxc5 35. Bxc5+ Kd7 36. Ba3 1-0

[Event "AUT-chT Blitz"]
[Site "Pasching"]
[Date "2025.05.31"]
[Round "7.11"]
[White "Zhu, Chen"]
[Black "Iturrizaga Bonelli, Eduardo"]
[Result "0-1"]
[WhiteElo "2423"]
[BlackElo "2578"]
[PlyCount "138"]
[EventDate "2025.05.31"]
[EventType "team-swiss (blitz)"]
[EventRounds "13"]
[EventCountry "AUT"]
[SourceTitle "CB23_2025"]
[SourceDate "2025.06.04"]
[SourceVersion "1"]
[SourceVersionDate "2025.06.04"]
[SourceQuality "1"]
[WhiteTeam "FIDE"]
[BlackTeam "JEEG"]
[BlackTeamCountry "ESP"]

1. d4 Nf6 2. c4 e6 3. Nf3 Bb4+ 4. Bd2 a5 5. g3 0-0 6. Bg2 d5 7. Qc2 Nbd7 8. 0-0 Be7 9. cxd5 exd5 10. Bf4 c6 11. Nc3 Re8 12. Rfe1 Nf8 13. Rad1 Ng6 14. Bc1 Bd6 15. Bg5 Be7 16. Ne5 Nxe5 17. dxe5 Ng4 18. Bxe7 Rxe7 19. e4 d4 20. Ne2 Rd7 21. Qc5 b6 22. Qxc6 Bb7 23. Qb5 Ba6 24. Qa4 b5 25. Qb3 Nxe5 26. Nf4 b4 27. Nd5 d3 28. f4 Nc6 29. Rxd3 Bxd3 30. Qxd3 Ne7 31. Rd1 Nxd5 32. exd5 Qb6+ 33. Kh1 Re8 34. Qf5 Rd6 35. h3 h6 36. Qc2 h5 37. Kh2 h4 38. g4 Qe3 39. Rf1 Qg3+ 40. Kh1 Rdd8 41. Qd2 a4 42. Qxb4 Re2 43. Rg1 Rde8 44. d6 Rxg2 45. Rxg2 Re1+ 46. Qxe1 Qxe1+ 47. Kh2 Qd1 48. b3 a3 49. f5 Qxd6+ 50. Kg1 Qd4+ 51. Kh1 f6 52. Kh2 Kh7 53. Kh1 Kh6 54. g5+ fxg5 55. Kh2 Qf4+ 56. Kh1 Qxf5 57. Kh2 Qe5+ 58. Kh1 Qf4 59. Kg1 Qe3+ 60. Kh2 Kh5 61. Rg4 Kg6 62. Rg2 Kf5 63. Rg4 Ke5 64. Kg2 Qe2+ 65. Kg1 Qxa2 66. Rxg5+ Kf6 67. Rg4 Qxb3 68. Kh2 a2 69. Rxh4 a1Q 0-1

[Event "Wch Rapid (Women)"]
[Site "New York"]
[Date "2024.12.28"]
[Round "10"]
[White "Beydullayeva, Govhar"]
[Black "Zhu, Chen"]
[Result "1-0"]
[WhiteElo "2212"]
[BlackElo "2330"]
[PlyCount "67"]
[EventDate "2024.12.26"]
[EventType "swiss (rapid)"]
[EventRounds "11"]
[EventCountry "USA"]
[SourceTitle "CB01_2025"]
[SourceDate "2025.01.01"]
[SourceVersion "1"]
[SourceVersionDate "2025.01.01"]
[SourceQuality "1"]

1. d4 d6 2. Nf3 Nf6 3. c4 g6 4. g3 Bg7 5. Bg2 0-0 6. Nc3 c5 7. 0-0 cxd4 8. Nxd4 Qa5 9. h3 a6 10. e4 Qc5 11. Be3 Nc6 12. Nxc6 Qxc6 13. e5 Qxc4 14. exf6 Bxf6 15. Nd5 Bxb2 16. Nb6 Qc3 17. Nxa8 Bf5 18. Nb6 Bc2 19. Qe1 Qg7 20. Qd2 Bxa1 21. Qxc2 e6 22. Qd2 Rd8 23. Bh6 Qd4 24. Qxd4 Bxd4 25. Be3 Bf6 26. Bxb7 d5 27. Rc1 d4 28. Bd2 Kg7 29. Rc8 Rd6 30. Nc4 Rd7 31. Bc6 Ra7 32. Ba5 e5 33. Bb6 Re7 34. Bc5 1-0

[Event "Wch Rapid (Women)"]
[Site "New York"]
[Date "2024.12.28"]
[Round "9"]
[White "Zhu, Chen"]
[Black "Paragua, Megan Althea"]
[Result "1/2-1/2"]
[WhiteElo "2330"]
[BlackElo "2017"]
[PlyCount "92"]
[EventDate "2024.12.26"]
[EventType "swiss (rapid)"]
[EventRounds "11"]
[EventCountry "USA"]
[SourceTitle "CB01_2025"]
[SourceDate "2025.01.01"]
[SourceVersion "1"]
[SourceVersionDate "2025.01.01"]
[SourceQuality "1"]

1. d4 Nf6 2. c4 e6 3. Nc3 d5 4. Bg5 Be7 5. e3 0-0 6. Nf3 h6 7. Bh4 b6 8. cxd5 Nxd5 9. Bxe7 Qxe7 10. Nxd5 exd5 11. Rc1 Bb7 12. Bd3 c5 13. dxc5 bxc5 14. 0-0 Nd7 15. b4 c4 16. Bc2 Nf6 17. Rb1 Ne4 18. Qd4 Rfd8 19. a4 a6 20. h3 Bc6 21. Ne5 Bb7 22. b5 f6 23. Ng6 Qc5 24. Qxc5 Nxc5 25. Rfd1 Kf7 26. Nf4 Ne6 27. bxa6 Bc6 28. Rb6 Nxf4 29. Rxc6 Ne2+ 30. Kf1 Nc3 31. Rc1 Ra7 32. Ra1 Rb8 33. a5 Rba8 34. Bf5 Rxa6 35. Rxa6 Rxa6 36. Bc8 Ra7 37. a6 Ne4 38. Bb7 Ke6 39. f3 Nc5 40. Rb1 Nxa6 41. Rb6+ Kd7 42. Bxa6 Kc7 43. Re6 Kd7 44. Rb6 Kc7 45. Re6 Kd7 46. Rb6 Kc7 1/2-1/2

[Event "Wch Rapid (Women)"]
[Site "New York"]
[Date "2024.12.27"]
[Round "6"]
[White "Zhu, Chen"]
[Black "Muzychuk, Anna"]
[Result "1-0"]
[WhiteElo "2330"]
[BlackElo "2408"]
[PlyCount "123"]
[EventDate "2024.12.26"]
[EventType "swiss (rapid)"]
[EventRounds "11"]
[EventCountry "USA"]
[SourceTitle "CB01_2025"]
[SourceDate "2025.01.01"]
[SourceVersion "1"]
[SourceVersionDate "2025.01.01"]
[SourceQuality "1"]

1. d4 d5 2. c4 c6 3. Nf3 Nf6 4. e3 Bg4 5. h3 Bxf3 6. Qxf3 e6 7. Nc3 Bb4 8. Bd2 0-0 9. Bd3 Nbd7 10. a3 Ba5 11. b4 Bc7 12. 0-0 dxc4 13. Bxc4 e5 14. Ba2 exd4 15. exd4 Nb6 16. Ne2 h6 17. b5 cxb5 18. Qxb7 Qd7 19. Qf3 Nbd5 20. Ng3 Bxg3 21. fxg3 Rfe8 22. g4 Ne4 23. Qxf7+ Qxf7 24. Rxf7 Kxf7 25. Bxd5+ Kg6 26. Bxa8 Rxa8 27. Ba5 Nf6 28. Rb1 a6 29. Rc1 Re8 30. Rc6 Re3 31. Bb4 a5 32. Bc5 Rb3 33. Ra6 a4 34. d5 Rd3 35. d6 Kg5 36. Bb4 Ne4 37. Rb6 Rd5 38. Rb7 Kf6 39. d7 Ke6 40. d8Q Rxd8 41. Rxg7 Ke5 42. Kh2 Nd2 43. Re7+ Kf4 44. Rf7+ Ke4 45. Rf6 Rd3 46. Rxh6 Nf1+ 47. Kg1 Ne3 48. Re6+ Kf4 49. Rf6+ Ke4 50. Kh2 Nd5 51. Re6+ Kd4 52. Bd6 Ne3 53. Bb8 Kc4 54. g5 b4 55. axb4 a3 56. Ra6 Kb5 57. Ra7 Kxb4 58. g6 Rd2 59. g7 Rxg2+ 60. Kh1 a2 61. Be5 Kb3 62. Ra8 1-0

[Event "Wch Rapid (Women)"]
[Site "New York"]
[Date "2024.12.26"]
[Round "4"]
[White "Zhukova, Natalia"]
[Black "Zhu, Chen"]
[Result "0-1"]
[WhiteElo "2242"]
[BlackElo "2330"]
[PlyCount "138"]
[EventDate "2024.12.26"]
[EventType "swiss (rapid)"]
[EventRounds "11"]
[EventCountry "USA"]
[SourceTitle "CB01_2025"]
[SourceDate "2025.01.01"]
[SourceVersion "1"]
[SourceVersionDate "2025.01.01"]
[SourceQuality "1"]

1. c4 d6 2. Nc3 Nf6 3. d4 g6 4. e4 Bg7 5. Be2 0-0 6. Nf3 Bg4 7. Be3 e5 8. d5 Na6 9. h3 Bxf3 10. Bxf3 c6 11. 0-0 h5 12. Rb1 c5 13. a3 Nd7 14. Be2 Qe7 15. Nb5 Rfc8 16. b4 b6 17. Nc3 Qf8 18. Qa4 Nab8 19. Qc2 Bh6 20. Qd2 Bxe3 21. Qxe3 Qe7 22. g3 h4 23. Qh6 hxg3 24. fxg3 Nf8 25. Rf2 Nbd7 26. Rbf1 f6 27. h4 cxb4 28. axb4 a6 29. Qe3 Rc7 30. g4 Rac8 31. g5 fxg5 32. hxg5 Nh7 33. Rg2 b5 34. Bg4 Rxc4 35. Be6+ Kg7 36. Ne2 Rf8 37. Ra1 Nb8 38. Ra3 Rxb4 39. Qd2 Rb1+ 40. Kh2 Rff1 41. Ng3 Rf4 42. Ne2 Rh4+ 43. Rh3 Rxh3+ 44. Bxh3 Rb3 45. Ng3 Nd7 46. Nf5+ gxf5 47. exf5 Qf7 48. f6+ Ndxf6 49. gxf6+ Kh8 50. Be6 Qh5+ 51. Kg1 Rb1+ 52. Kf2 Qh4+ 53. Ke2 Qe4+ 54. Kf2 Qh4+ 55. Ke2 Nxf6 56. Qc2 Qe1+ 57. Kf3 e4+ 58. Kf4 Qh4+ 59. Ke3 Re1+ 60. Kd2 e3+ 61. Kc3 Qc4+ 62. Kb2 Qb4+ 63. Ka2 Qa5+ 64. Kb3 Qa4+ 65. Kc3 Ne4+ 66. Kd3 Nc5+ 67. Kc3 b4+ 68. Kd4 b3+ 69. Qc4 Rd1+ 0-1

[Event "FIDE World Bl Team Pool C"]
[Site "Almaty"]
[Date "2024.08.05"]
[Round "1.15"]
[White "Suleimen, Ergali"]
[Black "Zhu, Chen"]
[Result "1-0"]
[WhiteElo "2334"]
[BlackElo "2423"]
[PlyCount "85"]
[EventDate "2024.08.05"]
[EventType "team (blitz)"]
[EventRounds "7"]
[EventCountry "KAZ"]
[SourceTitle "CBM 221 Extra"]
[Source "ChessBase"]
[SourceDate "2024.09.30"]
[SourceVersion "1"]
[SourceVersionDate "2024.09.30"]
[SourceQuality "1"]
[WhiteTeam "Kazakhstan GMs"]
[BlackTeam "FIDE Management Board"]
[WhiteTeamCountry "KAZ"]

1. e4 c5 2. Nf3 d6 3. d4 cxd4 4. Nxd4 Nf6 5. Nc3 a6 6. Be3 e5 7. Nb3 Be6 8. h3 Be7 9. Qf3 0-0 10. g4 b5 11. g5 Nfd7 12. h4 b4 13. Nd5 Bxd5 14. exd5 a5 15. Nd2 Na6 16. Rg1 Qc7 17. Bd3 Nac5 18. Bxc5 Nxc5 19. h5 Nxd3+ 20. Qxd3 Rac8 21. 0-0-0 a4 22. Kb1 a3 23. Ne4 Qc4 24. Nf6+ Bxf6 25. gxf6 Qxd3 26. Rxg7+ Kh8 27. Rxd3 axb2 28. Kxb2 Rc4 29. a3 Rf4 30. axb4 Rxb4+ 31. Rb3 Rh4 32. Rxf7 Rg8 33. Rd7 Rxh5 34. Rxd6 Rf8 35. Rg3 Rf5 36. Re3 h5 37. Re6 h4 38. R6xe5 R8xf6 39. Rxf5 Rxf5 40. Re4 Rh5 41. d6 h3 42. d7 Rd5 43. Re8+ 1-0

[Event "FIDE World Bl Team Pool C"]
[Site "Almaty"]
[Date "2024.08.05"]
[Round "4.14"]
[White "Vokhidov, Shamsiddin"]
[Black "Zhu, Chen"]
[Result "1-0"]
[WhiteElo "2643"]
[BlackElo "2423"]
[PlyCount "75"]
[EventDate "2024.08.05"]
[EventType "team (blitz)"]
[EventRounds "7"]
[EventCountry "KAZ"]
[SourceTitle "CBM 221 Extra"]
[Source "ChessBase"]
[SourceDate "2024.09.30"]
[SourceVersion "1"]
[SourceVersionDate "2024.09.30"]
[SourceQuality "1"]
[WhiteTeam "Royal Chess"]
[BlackTeam "FIDE Management Board"]
[WhiteTeamCountry "UZB"]

1. e4 c5 2. Nf3 d6 3. Bb5+ Nd7 4. a4 Ngf6 5. Nc3 g6 6. a5 Bg7 7. 0-0 0-0 8. Re1 Ne5 9. Nxe5 dxe5 10. d3 Be6 11. Be3 a6 12. Bc4 Bxc4 13. dxc4 Nd7 14. Re2 Qc8 15. Rd2 Nf6 16. Nd5 Nxd5 17. Rxd5 Rd8 18. Bxc5 e6 19. Rxd8+ Qxd8 20. Qe2 Rc8 21. Bb6 Qe7 22. Rd1 Qb4 23. b3 Bf8 24. Qd2 Qxd2 25. Rxd2 Bc5 26. Rd7 Bxb6 27. axb6 Rb8 28. b4 h5 29. c5 Kg7 30. c4 h4 31. Kf1 g5 32. Ke2 g4 33. h3 gxh3 34. gxh3 Kg6 35. b5 axb5 36. cxb5 Rc8 37. c6 bxc6 38. b7 1-0

[Event "FIDE World Bl Team Pool C"]
[Site "Almaty"]
[Date "2024.08.05"]
[Round "3.3"]
[White "Wang, Yue"]
[Black "Zhu, Chen"]
[Result "1-0"]
[WhiteElo "2637"]
[BlackElo "2423"]
[PlyCount "109"]
[EventDate "2024.08.05"]
[EventType "team (blitz)"]
[EventRounds "7"]
[EventCountry "KAZ"]
[SourceTitle "CBM 221 Extra"]
[Source "ChessBase"]
[SourceDate "2024.09.30"]
[SourceVersion "1"]
[SourceVersionDate "2024.09.30"]
[SourceQuality "1"]
[WhiteTeam "Decade China"]
[BlackTeam "FIDE Management Board"]
[WhiteTeamCountry "CHN"]

1. e4 c5 2. Nf3 d6 3. d4 cxd4 4. Nxd4 Nf6 5. Nc3 a6 6. Be2 e5 7. Nb3 Be7 8. 0-0 0-0 9. Re1 Be6 10. Bf3 Nbd7 11. a4 Rc8 12. a5 Qc7 13. Be3 Rfd8 14. Nd2 Qc6 15. Nf1 Nc5 16. Bg5 h6 17. Bxf6 Bxf6 18. Ne3 Bg5 19. Ned5 Rf8 20. g3 Kh8 21. Bg2 Nd7 22. h4 Bd8 23. Qd2 Qc5 24. b4 Qa7 25. Ne3 Qb8 26. Ncd5 Nf6 27. Nxf6 Bxf6 28. Rad1 Be7 29. Nf5 Bxf5 30. exf5 b6 31. axb6 Qxb6 32. Bd5 Rb8 33. c3 a5 34. Rb1 axb4 35. cxb4 Qb5 36. Rec1 Bd8 37. Bc4 Qb6 38. Kg2 f6 39. b5 Qd4 40. Qxd4 exd4 41. Be6 Bb6 42. Rc6 Bc5 43. b6 Rb7 44. Bd5 Rfb8 45. Kf3 Rxb6 46. Rbxb6 Bxb6 47. Rxd6 Ba5 48. Be6 Bc3 49. Kg4 Be1 50. f3 Bf2 51. Rd7 Re8 52. Kh5 d3 53. g4 Rb8 54. Kg6 Bxh4 55. Rxg7 1-0

[Event "FIDE World Bl Team Pool C"]
[Site "Almaty"]
[Date "2024.08.05"]
[Round "2.21"]
[White "Zhu, Chen"]
[Black "Kozganbayev, Erkin"]
[Result "0-1"]
[WhiteElo "2423"]
[BlackElo "2293"]
[PlyCount "48"]
[EventDate "2024.08.05"]
[EventType "team (blitz)"]
[EventRounds "7"]
[EventCountry "KAZ"]
[SourceTitle "CBM 221 Extra"]
[Source "ChessBase"]
[SourceDate "2024.09.30"]
[SourceVersion "1"]
[SourceVersionDate "2024.09.30"]
[SourceQuality "1"]
[WhiteTeam "FIDE Management Board"]
[BlackTeam "Chess Ratel"]
[BlackTeamCountry "KAZ"]

1. d4 d6 2. e4 Nf6 3. Nc3 e5 4. Nf3 Nbd7 5. Bc4 Be7 6. 0-0 c6 7. a4 h6 8. Re1 Qc7 9. h3 Nf8 10. Be3 g5 11. dxe5 dxe5 12. Nh2 Be6 13. Be2 Ng6 14. a5 Nf4 15. Bg4 Nxg4 16. Nxg4 h5 17. Nh2 g4 18. hxg4 hxg4 19. Nxg4 Rg8 20. Nh2 Nxg2 21. Kh1 Nxe1 22. Qxe1 Bh3 23. Nf1 Bg2+ 24. Kh2 Qd7 0-1

[Event "FIDE World Rapid Team"]
[Site "Almaty"]
[Date "2024.08.04"]
[Round "11.34"]
[White "Sameh Mohamed, Abdalrahman"]
[Black "Zhu, Chen"]
[Result "0-1"]
[WhiteElo "2259"]
[BlackElo "2423"]
[PlyCount "108"]
[EventDate "2024.08.02"]
[EventType "team (rapid)"]
[EventRounds "12"]
[EventCountry "KAZ"]
[SourceTitle "CBM 221 Extra"]
[Source "ChessBase"]
[SourceDate "2024.09.30"]
[SourceVersion "1"]
[SourceVersionDate "2024.09.30"]
[SourceQuality "1"]
[WhiteTeam "Egypt"]
[BlackTeam "FIDE Management Board"]
[WhiteTeamCountry "EGY"]

1. e4 c5 2. Nc3 Nc6 3. f4 g6 4. Nf3 Bg7 5. g3 e6 6. Bg2 Nge7 7. d3 0-0 8. 0-0 d6 9. Ne2 e5 10. h3 f5 11. Kh2 h6 12. Rb1 Kh7 13. Be3 b6 14. Qe1 Be6 15. a3 a5 16. Nh4 Rc8 17. exf5 Nxf5 18. Nxf5 gxf5 19. Rf2 Qd7 20. Qd2 Ne7 21. Rbf1 Nd5 22. Qc1 Nxe3 23. Qxe3 Kh8 24. c4 b5 25. b3 a4 26. Nc3 exf4 27. Qxf4 Bxc3 28. Qxh6+ Kg8 29. Re2 Bf7 30. Rf4 Bg7 31. Qg5 axb3 32. Re7 Qxe7 33. Qxe7 b2 34. Rf1 bxc4 35. dxc4 Bxc4 36. Rb1 d5 37. Qe6+ Kh8 38. h4 Rce8 39. Qg6 Re2 40. h5 Rf6 41. Qg5 Ba2 42. Rxb2 Rxb2 43. Kh3 d4 44. Qc1 Rh6 45. Bf3 Rf2 46. Bd1 Bf7 47. g4 fxg4+ 48. Bxg4 Bxh5 49. Qxc5 Bxg4+ 50. Kxg4 Rg6+ 51. Kh3 Rf1 52. Qc8+ Kh7 53. Qa8 Rf5 54. Kh4 Bf6+ 0-1

[Event "FIDE World Rapid Team"]
[Site "Almaty"]
[Date "2024.08.02"]
[Round "1.4"]
[White "Omar, Temirlan"]
[Black "Zhu, Chen"]
[Result "1/2-1/2"]
[WhiteElo "1874"]
[BlackElo "2423"]
[PlyCount "88"]
[EventDate "2024.08.02"]
[EventType "team (rapid)"]
[EventRounds "12"]
[EventCountry "KAZ"]
[SourceTitle "CBM 221 Extra"]
[Source "ChessBase"]
[SourceDate "2024.09.30"]
[SourceVersion "1"]
[SourceVersionDate "2024.09.30"]
[SourceQuality "1"]
[WhiteTeam "Future GM"]
[BlackTeam "FIDE Management Board"]
[WhiteTeamCountry "KAZ"]

1. d4 d5 2. Bf4 Nf6 3. e3 c6 4. Nf3 Bg4 5. Nbd2 Nbd7 6. Bd3 e6 7. 0-0 Be7 8. h3 Bh5 9. c4 0-0 10. a3 c5 11. Rc1 cxd4 12. exd4 dxc4 13. Nxc4 Nb6 14. Nce5 Qd5 15. Bb1 Rac8 16. Qd3 Bg6 17. Nxg6 hxg6 18. Ne5 Rfd8 19. Rxc8 Rxc8 20. Rc1 Rxc1+ 21. Bxc1 Nfd7 22. Qf3 Qxf3 23. Nxf3 Nd5 24. Ne5 N7b6 25. Kf1 g5 26. Ke2 f6 27. Nd3 Nd7 28. Ba2 Kf7 29. f4 gxf4 30. Nxf4 Nxf4+ 31. Bxf4 Nb6 32. Kd3 Nd5 33. Bd2 Bd6 34. g4 Nf4+ 35. Bxf4 Bxf4 36. d5 exd5 37. Bxd5+ Ke7 38. Bxb7 Kd6 39. b3 Bc1 40. a4 Kc5 41. Kc3 Ba3 42. h4 Bb4+ 43. Kd3 Be1 44. h5 a5 1/2-1/2